Le rose dell'Italia bicampione del mondo di volley 2025 - Statistics

Statistiche generali
  • Questo quiz è stato fatto 24 volte
  • Il punteggio medio è 14 su 30
Statistiche sulle risposte
numero ruolo anno di nascita squadra al momento della convocazione pallavolista % Corretto
17 S 1995 Pro Victoria Myriam Sylla
89%
18 O 1998 Pro Victoria Paola Egonu
89%
5 S 2001 Trentino Volley Alessandro Michieletto
84%
8 P 1998 Pro Victoria Alessia Orro
84%
6 L 1987 Imoco Conegliano Monica De Gennaro
74%
6 P 1996 Sir Safety Perugia Simone Giannelli
74%
24 O 2003 Savino Del Bene Scandicci Ekaterina Antropova
68%
11 C 1996 Pro Victoria Anna Danesi
63%
16 O 1997 You Energy Piacenza Yuri Romanò
63%
- all. 1961 - Ferdinando De Giorgi
58%
- all. 1952 - Julio Velasco
58%
19 C 2001 Imoco Conegliano sarah Luisa Fahr
58%
17 C 1992 Modena Volley Simone Anzani
58%
8 P 1998 Trentino Volley Riccardo Sbertoli
53%
7 L 1995 Lube Treia Fabio Balaso
42%
12 S 2000 Lube Treia Mattia Bottolo
42%
19 C 1997 Sir safety Perugia Roberto Russo
42%
14 C 1997 You Energy Piacenza Gianluca Galassi
37%
31 S 2004 Pallavolo Padova Luca Porro
32%
3 P 1996 Pinerolo Carlotta Cambi
26%
16 S 2003 Firenze Stella Nervini
26%
10 C 2001 UYBA Busto Arsizio Benedetta Sartori
21%
28 L 2000 Cisterna Volley Domenico Pace
21%
7 L 2000 AGIL Novara Eleonora Fersino
16%
22 S 2001 Megavolley Vallefoglia Gaia Giovannini
16%
25 C 1999 Lube Treia Giovanni Gargiulo
16%
11 O 1996 Trentino Volley Kamil Rychlicki
16%
21 S 2002 Chieri '76 Loveth Omoruyi
16%
9 S 2002 Verona Volley Francesco Sani
11%
25 C 1993 Pallavolo Pinerolo Yasmina Akrari
11%
Nessun quiz corrispondente trovato
Distribuzione punteggi
Percentuale di utenti per punteggio
Percentile per numero di risposta
I tuoi punteggi nel tempo
Non hai fatto questo quiz